La "actualización" de la verdad a 30 años de CONADEP (Registro nro. 28316)

Detalles MARC
000 -LEADER
fixed length control field 00370 a2200121 4500
001 - CONTROL NUMBER
control field ART_22281
005 - DATE AND TIME OF LATEST TRANSACTION
control field 20260410161928.0
008 - FIXED-LENGTH DATA ELEMENTS--GENERAL INFORMATION
fixed length control field 260409a
100 1# - MAIN ENTRY--PERSONAL NAME
Personal name Varsky, Carolina
245 10 - TITLE STATEMENT
Title La "actualización" de la verdad a 30 años de CONADEP
700 1# - ADDED ENTRY--PERSONAL NAME
Personal name Balardini, Lorena
773 0# - HOST ITEM ENTRY
Title Derechos humanos
Related parts - Año II, Nº 4 (nov. 2013)
Record control number REV22278

No hay ítems disponibles.